MDQL
is popping MORE tags! Check the
thread
!
Quizzes
Events
Quiz Creation
Community
Videos
Private Events
Remove Ads
Sign In
Join for FREE
Feedback
Dark Mode
Quiz Categories
Sports
Geography
Music
Movies
Television
Just For Fun
Miscellaneous
History
Literature
Language
Science
Gaming
Entertainment
Religion
Holiday
For Kids
Quiz Lab
Recent
Popular Today
Quiz Kudos Today
Editor Picks
Curator Picks
Quizzes by...
Day
Popularity
Type
Ratings
Length
Year
Community
Subscriptions
Recent Discussions
Orange Saloon
Badges
Playlists
Quests
Create
Leaderboards
Showdown
Live 5
Trivia Bingo
Activity
Puzzle Library
Sporcle Events
Private Events
Virtual Trivia
Globe League
Become a Host
Pub Owners
SporcleCon
Opinionation
Our Games
Videos
Blog
Mobile Apps
Partnerships
Remove Ads and Go Orange
Feedback
Movies
Disney
Marvel Cinematic Universe
Movie Resume
Movie Titles
Oscar
Actor
Actress
Director
Pixar
Role
Movie Quotes
Movie Characters
Box Office
Nominee
Best Picture
Star Wars
James Bond
Horror Movies
Movies
Disney
Marvel Cinematic Universe
Movie Resume
Movie Titles
Oscar
Actor
Actress
Director
Pixar
Role
Movie Quotes
Movie Characters
Box Office
Nominee
Best Picture
Star Wars
James Bond
Horror Movies
Random Quiz
Search Sporcle
×
Quiz Lab
Quiz Lab
Movies
Color
Type in answers that appear in a list
Type in answers that appear in a list
Classic
Best Score? Go Orange.
Movies by Colour Stats
Can you name the movies by the colour mentioned in their titles?
By
Studogc
8m
50 Questions
173 Plays
173 Plays
173 Plays
Comments
Comments
Give Quiz Kudos
Give Quiz Kudos
-
- Ratings
hide this ad
More Info
Replay
Link that replays current quiz
Next Quiz
Link to next quiz in quiz playlist
You Got
0%
They Got
Avg Score
50%
Avg Friend Score
Upgrade to see
Score Distribution
Jump to the score distribution portion of the page
Score
0/50
Timer
08:00
0
Plays Today
% Correct
Black Swan
91.9%
Men In Black
87.9%
Yellow Submarine
84.4%
The Green Mile
83.8%
White Christmas
75.1%
Purple Rain
75.1%
Green Lantern
74.6%
A Clockwork Orange
73.4%
Crimson Tide
72.8%
Pretty in Pink
72.8%
The Pink Panther
69.9%
Black Hawk Down
66.5%
Red Dragon
65.3%
The Blue Lagoon
64.7%
The Hunt for Red October
64.7%
The Grey
64.7%
The Color Purple
64.7%
The Scarlet Letter
64.2%
Red Dawn
63%
Pirates of the Caribbean: The Curse of the Black Pearl
60.1%
White Chicks
59.5%
The Woman in Black
59%
Jackie Brown
57.8%
Blue Velvet
54.3%
Fried Green Tomatoes at the Whistle Stop Cafe
53.2%
% Correct
Snow White and the Huntsman
51.4%
White Men Can't Jump
50.3%
Orange County
48%
Green Zone
46.8%
Fool's Gold
46.2%
Blue Streak
45.1%
Silver Linings Playbook
45.1%
Green Card
43.4%
Red Riding Hood
42.2%
Blue Valentine
41.6%
Deep Blue Sea
40.5%
Single White Female
38.2%
Fantastic 4: Rise of the Silver Surfer
34.7%
Mrs Brown
31.8%
Red Heat
31.8%
The Scarlet Pimpernel
29.5%
Harry Brown
28.9%
The Lavender Hill Mob
19.7%
Charlotte Gray
19.1%
Ladies in Lavender
18.5%
Brown Sugar
17.9%
She Wore a Yellow Ribbon
17.9%
Dorian Gray
12.1%
The Yellow Handkerchief
4.6%
Black Gold
4.6%
Quiz Playlist
Details
Report
Send in Message
Add To Playlist
More Info:
Name the movies with the given colour in their titles.
Classic:
Type in answers that appear in a list
Quiz Source
Last Updated: Feb 16, 2017
Quiz Scoreboard
CHALLENGE
Sign Up to Join the Scoreboard
Show All
Scores
Hide
Comments
May contain spoilers
Recently Published
Two Season TV Shows II
by 123Four
Television
10m
Image Sorting: Flags VI
by Barbecue
Geography
2m
Find the 'City' Movie
by crazypaving
Movies
60s
More to Explore
Quiz From the Vault
Featured Blog Post
14 Easter Pick-up Lines to Find Eggs With
hide this ad
You Might Also Like...
Tags
Color Quiz
Today's Top Quizzes in Movies
Browse Movies
hide this ad
Today's Top Quizzes in Color
Browse Color
Top Contributed Quizzes in Movies
1
Find The 'Big' Movie
2
The ultimate James Bond movie quiz
3
Find The 'Wild' Movie
4
Find The 'Blue' Movie
5
Movies By Plot
6
Hidden Star Wars Character II
7
Pick 5 Posters: Directed by Spielberg
8
Hidden Star Wars Character III
9
Hidden Star Wars Character IV
10
25 Best Actor Nominees (1990s)
Explore More
Trending Topics
Crossword
Harry Potter
NBA
Marvel
Anime
Disney
Kpop
WWE
Puzzle
Soccer
Song
Pokémon
NFL
Country
The Office
hide this ad
More By:
Studogc
Quiz
Plays
Rating
Category
Featured
Created
Movie Titles Missing Food
123,485
4.61
Movies
Jun 20, 2013
Movies Missing Body Parts
101,255
4.44
Movies
Dec 6, 2012
Clickable Cities in Movies
61,735
4.38
Movies
Apr 21, 2013
Palindrome Words: A-Z
32,204
4.54
Language
Oct 14, 2012
Books Without Buildings
32,067
4.60
Literature
Jul 19, 2014
Go to Creator's Profile
Score Distribution
Quiz Creator Spotlight
Studogc
Follow
Send a Message
Quizzes Created
-
Created Quiz Play Count
-
More By This Creator
Popular Quizzes Today
1
Find the US States - No Outlines Minefield
2
Colored Red Africa Blitz
3
Find the 'City' Movie
4
5x2 Blitz: Bands
5
The Countries of the World
6
Find the Countries of Europe - No Outlines Minefield
7
Find the US States
8
US States
More Movies Quizzes
Characters Reading in Movies II
Published
Trending Quizzes
Colored Red Europe Blitz I
Colored Red Africa Blitz II
Colored Red Europe Blitz II
Colored Red Africa Blitz III
Colored Red Europe Blitz III
Recently Updated
How Do You Spell That?
pecheneg
Godzilla Movies
pecheneg
Grab Bag: 4-10 Letters
pecheneg
2024 March Madness Bracket
pecheneg
Famous TV Couples
Peacemaker
Champions League XIs: Real Madrid
pecheneg
Largest US Cities 1790-2010
pecheneg
Rides in Walt Disney World
pecheneg
Most Oscar Losses (Acting)
pecheneg
Beyoncé Albums
pecheneg
Trending Topics
Harry Potter
Marvel
NBA
Anime
Disney
Crossword
Kpop
The Office
Song
Country
Puzzle
WWE
NFL
Pokémon
Soccer
Your Account Isn't Verified!
In order to create a playlist on Sporcle, you need to verify the email address you used during registration. Go to your
Sporcle Settings
to finish the process.
Report this User
Report this user for behavior that violates our
Community Guidelines
.
Details:
Send Report
Go to the Sporcle.com Mobile Site →
Comments